000
00296nam a22001217a 4500
008
181018b xxu||||| |||| 00| 0 eng d
041
_a
eng
080
_a
330
100
_a
52
101
_a
eco
245
_a
Economics For Social Decisons Element Cost Benefit
_c
Mishon.E.J
942
_2
udc
_c
BK
999
_c
50160
_d
50160